000 00494nam a2200169Ia 4500
008 090201s9999 xx 000 0 und d
010 _aKPL-29213
040 _bमराठी
041 _aमराठी
082 _a31634
_b29213
100 _aअंबिका सरदार
245 _aचाहूल
_cअंबिका सरदार
260 _c2004
_bमैाज प्रकाशन
300 _a151
_bमोठा
600 _aचाहूल
942 _cBOOK
999 _c230039
_d230039